| 000 | 01678nam a2200349 c 4500 | ||
|---|---|---|---|
| 003 | BLK | ||
| 005 | 20180420222943.0 | ||
| 008 | 180408b bul|||||r ||||||| ||bul|| | ||
| 010 | _aKNG00064392000 | ||
| 040 | _aBLK | ||
| 041 |
_aBUL _cBUL |
||
| 080 |
_aНагряване. Термична обработка на металите _b621.78 _x(035) _z621.78(035) |
||
| 100 | 1 |
_aФиргер, Йосиф Владимирович _eпърви автор _9134246 |
|
| 700 | 1 |
_aБахаров, Георги _eпрев. от рус. _9282900 |
|
| 700 | 1 |
_aКемилев, Николай Иванов _eпрев. от рус. _9289782 |
|
| 139 |
_aФиргер, Йосиф Владимирович _bФ 56 |
||
| 245 | 1 | 0 |
_aСправочник на термиста _cЙосиф Владимирович Фиргер; прев. от рус. Георги Бахаров; прев. от рус. Николай Иванов Кемилев. |
| 257 | _aSUN | ||
| 260 |
_аСофия _bТехника _c1985 _fХасково : Ат. Стратиев |
||
| 300 |
_a343 с. _bс ил. _c21 см |
||
| 380 | _a62 | ||
| 500 | _aОриг. загл. Термическая обработка сплавов - справочник / Йосиф Владимирович Фиргер. - Библиогр. с. 340-342 | ||
| 650 | 4 |
_aМетали - обработка, термична и термохимична _9281607 |
|
| 650 | 4 |
_aСплави - термична обработка _9289783 |
|
| 653 | _aтермообработка | ||
| 653 | _aметалообработване | ||
| 852 | _aЦб 139692 | ||
| 856 | 4 |
_qpdf _u |
|
| 856 | 4 |
_qpdf _u |
|
| 942 |
_cKNG _n0 |
||
| 944 |
_aCR _c13.06.2004 _kЧиталня |
||
| 944 |
_aED _c12.10.2015 _k |
||
| 999 |
_c60250 _d60250 |
||